000 00885nam a2200265 i 4500
001 bg
100 1 _aMIDDLETON, Michael R.
245 1 0 _aMicrosoft Excel w analizie danych /
_cMichael R. Middleton ; [tł. Ewa Hadała-Mikołajczuk].
246 _iTyt. oryg.:
_aData analysis using Microsoft Excel
260 _aWarszawa :
_b"RM",
_ccop. 2004.
300 _aXVI, 240 s. :
_brys., tab., wykr. ;
_c24 cm.
500 _aTyt. oryg.: "Data analysis using Microsoft Excel" 2004.
504 _aBibliogr. s. 235. Indeks.
650 9 _aExcel
655 _aPodręczniki
700 1 _aHADAŁA-MIKOŁAJCZUK, Ewa.
_eTł.
020 _a8372433488
040 _cBPK
041 1 _apol
_heng
080 _a004.42(07)
920 _a83-7243-348-8
942 _cKS
008 s pl f |000 0 pol
999 _c44165
_d44165
856 _uhttp://koha.tu.koszalin.pl/cgi-bin/koha/opac-detail.pl?biblionumber=44165
_yKatalog online BPK